000 00320nam a2200121Ia 4500
008 190216s9999||||xx |||||||||||||| ||und||
100 _a"Balachandera Rao S, Shantha C.K"
245 0 _aDifferential Calculus
260 _bNew Age International Publishers
_c1992
300 _a501p
650 _aMathematics
942 _cBK
999 _c31557
_d31557